| 000 | 00956nam a2200253 a 4500 | ||
|---|---|---|---|
| 005 | 20141223145734.0 | ||
| 008 | 140129b2004 ck ||||| |||| 00| 0 spa d | ||
| 040 | _cCO-BoIH | ||
| 041 | _aspa | ||
| 044 | _ack | ||
| 090 |
_aIAVH _b01024 |
||
| 100 |
_aRincón B., Sofía A. _94959 |
||
| 245 | _aRecomendaciones sobre biodiversidad a la guía ambiental para el cultivo de papa | ||
| 260 |
_aBogotá _bInstituto Alexander von Humboldt _c2004 |
||
| 300 | _a13 p. | ||
| 520 | _aRecomendaciones y lineamientos guía para prevenir, mitigar y compensar los impactos negativos sobre biodiversidad causados por las actividades del subsector papero; presenta temáticas frente al manejo, biodiversidad asociada, biodiversidad planificada | ||
| 650 |
_aLineamientos _95463 |
||
| 650 |
_aPrevención _930725 |
||
| 650 |
_aMitigación _95750 |
||
| 650 |
_aCompensación de impactos _95776 |
||
| 650 |
_aPapa _95203 |
||
| 942 |
_cINFORME _2z |
||
| 945 | _d2008-09-09 | ||
| 999 |
_c6557 _d6557 |
||